Zanjón de la Aguada /

En Zanjón de la Aguada, Lemebel toma la voz de la minorías sexuales, de los habitantes de las poblaciones periféricas, de los desposeídos, de las mujeres, para entregar una denuncia moral, una invitación a mirar lo que más nos duele, ese Chile que carece de oportunidades, ese al que los discursos po...

Full description

Bibliographic Details
Main Author: Lemebel, Pedro
Format: Libro
Language:Spanish
Published: Santiago, Chile Seix Barral 2004
Series:Biblioteca breve
Subjects:
Online Access:

MARC

LEADER 00000cam a2200000 a 4500
001 028408
003 UAHC_CL
005 20170803122933.0
008 051020b2004 cl 000 1 spa
020 |a 9562473112 
040 |a UAHC_CL  |c UAHC_CL  |d UAHC_CL 
100 1 |a Lemebel, Pedro 
245 1 0 |a Zanjón de la Aguada /  |c Pedro Lemebel. 
260 |b Seix Barral  |c 2004  |a Santiago, Chile 
300 |a 298 p. 
490 0 |a Biblioteca breve 
520 |a En Zanjón de la Aguada, Lemebel toma la voz de la minorías sexuales, de los habitantes de las poblaciones periféricas, de los desposeídos, de las mujeres, para entregar una denuncia moral, una invitación a mirar lo que más nos duele, ese Chile que carece de oportunidades, ese al que los discursos políticos no los tocan pues siguen siempre igual. Pero el autor no mira esta realidad de forma dramática, sino que lanza sus dardos llenos de ironía y sarcasmo, mostrándonos que la indiferencia y el arribismo son enfermedades más agudas que la pobreza. 
650 4 |a NOVELAS CHILENAS 
653 |a COMPLEMENTARIA 
900 |a Ch863 LEMZ 
942 |c BK 
952 |0 0  |1 0  |4 0  |6 CH_863_000000000000000_LEMZ  |7 0  |8 General  |9 56276  |a BR  |b BC  |c General  |d 2017-08-03  |l 16  |m 17  |o Ch863 LEMZ  |p 1350953  |r 2025-12-31 13:31:36  |s 2025-10-03  |t 1  |w 2017-08-03  |y BK 
952 |0 0  |1 0  |4 0  |6 CH_863_000000000000000_LEMZ  |7 0  |8 General  |9 56277  |a BC  |b BC  |c General  |d 2017-08-03  |l 5  |m 6  |o Ch863 LEMZ  |p 1350954  |r 2022-12-22 00:00:00  |s 2019-11-04  |t 2  |w 2017-08-03  |y BK 
999 |c 28408  |d 28408